NAQT Literature- Modernist Authors - Statistics

General Stats
  • This quiz has been taken 56 times
  • The average score is 6 of 10
Answer Stats
Hint Answer % Correct
Ulysses | Dubliners | Finnegans Wake James Joyce
100%
The Wasteland | The Hollow Men | Ash Wednesday T.S. Eliot
89%
Mrs. Dalloway | A Room of One's Own | Orlando Virginia Woolf
84%
Lady Chatterley's Lover | Sons and Lovers | Odour of Chrysanthemums D.H. Lawrence
73%
anyone lived in a pretty how town | The Enormous Room E.E. Cummings
47%
Sacred Emily | The Autobiography of Alice B. Toklas Gertrude Stein
47%
Cathay | In a Station of a Metro | The Cantos Ezra Pound
40%
The Captive | The Fugitive | Sodom and Gomorrah Marcel Proust
27%
The Bridge | White Buildings | The Broken Tower Hart Crane
22%
Harmonium Wallace Stevens
22%
No matching quizzes found
Score Distribution
Percent of People with Each Score
Percentile by Number Answered
Your Score History
You have not taken this quiz